MARC details
| 000 -LEADER |
| fixed length control field |
01273cam a22001934a 4500 |
| 005 - ΗΜΕΡΟΜΗΝΙΑ ΚΑΙ ΩΡΑ ΤΕΛΕΥΤΑΙΑΣ ΕΝΗΜΕΡΩΣΗΣ |
| Πεδίο ελέγχου |
20250605164129.0 |
| 008 - FIXED-LENGTH DATA ELEMENTS--GENERAL INFORMATION |
| Πεδίο ελέγχου σταθερού μήκους |
250528s ||||||||||||||||||||||||d |
| 035 ## - SYSTEM CONTROL NUMBER |
| System control number |
18572 |
| 040 ## - ΠΗΓΗ ΚΑΤΑΛΟΓΟΓΡΑΦΗΣΗΣ |
| Φορέας πρωτότυπης καταλογογράφησης |
MC Athens Campus Library |
| Γλώσσα καταλογογράφησης |
Ελληνικά, Μοντέρνα (1453-) |
| Modifying agency |
MC Athens Campus Library |
| Κανόνες περιγραφικής καταλογογράφησης |
AACR2 |
| 245 1# - ΤΙΤΛΟΣ ΚΑΙ ΔΗΛΩΣΗ ΥΠΕΥΘΥΝΟΤΗΤΑΣ |
| Τίτλος |
Poster Annual 2001 / The International Annual of Poster Art |
| 260 ## - PUBLICATION, DISTRIBUTION, ETC. |
| Name of publisher, distributor, etc. |
Graphics Inc, |
| Date of publication, distribution, etc. |
2001 |
| 300 ## - PHYSICAL DESCRIPTION |
| Extent |
256 |
| 505 0# - FORMATTED CONTENTS NOTE |
| Formatted contents note |
Architecture, Automotive, Bookstores, Broadcast, Calendars, Communications, Commemorative, Competitions, Corporations, Cosmetics, Dance, Design, Education, Environmental, Events, Exhibition, Fashion, Film, Food, Lectures, Museums, Music, Paper Companies, Photography, Political, Printing, Products, Public Service, Restaurants, Retail, Social, Sports, Theater, Travel, Typography, Web Sites, Index. |
| 520 ## - SUMMARY, ETC. |
| Summary, etc. |
Architecture, Automotive, Bookstores, Broadcast, Calendars, Communications, Commemorative, Competitions, Corporations, Cosmetics, Dance, Design, Education, Environmental, Events, Exhibition, Fashion, Film, Food, Lectures, Museums, Music, Paper Companies, Photography, Political, Printing, Products, Public Service, Restaurants, Retail, Social, Sports, Theater, Travel, Typography, Web Sites, Index. |
| 700 1# - ΠΡΟΣΘΕΤΗ ΑΝΑΓΡΑΦΗ--ΦΥΣΙΚΟ ΠΡΟΣΩΠΟ |
| Personal name |
Pedersen Martin B |
| 9 (RLIN) |
2391 |
| 942 ## - ADDED ENTRY ELEMENTS (KOHA) |
| Koha item type |
Books |